Statistics for the Behavioral Sciences (Record no. 43343)

MARC details
000 -LEADER
fixed length control field 00512nam a22001817a 4500
005 - DATE AND TIME OF LATEST TRANSACTION
control field 20250318170019.0
008 - FIXED-LENGTH DATA ELEMENTS--GENERAL INFORMATION
fixed length control field 250318b |||||||| |||| 00| 0 eng d
020 ## - INTERNATIONAL STANDARD BOOK NUMBER
International Standard Book Number 9781452286907
041 ## - LANGUAGE CODE
Language code of text/sound track or separate title Eng
082 ## - DEWEY DECIMAL CLASSIFICATION NUMBER
Classification number 519.5 PRI
100 ## - MAIN ENTRY--PERSONAL NAME
Author Privitera, Gregory J.
245 ## - TITLE STATEMENT
Title Statistics for the Behavioral Sciences
250 ## - EDITION STATEMENT
Edition statement 2nd
260 ## - PUBLICATION, DISTRIBUTION, ETC.
Place Los Angeles
Publisher Sage Publication
Publication Year 2015
300 ## - PHYSICAL DESCRIPTION
Extent 724;. P. 25
650 ## - SUBJECT ADDED ENTRY--TOPICAL TERM
Subject Social sciences-Statistical Methods; Psychology-Statistical Methods.
942 ## - ADDED ENTRY ELEMENTS (KOHA)
Koha item type Books
Holdings
Withdrawn status Lost status Source of classification or shelving scheme Damaged status Not for loan Home library Current library Shelving location Accession Date Vendor Price Bill number Full call number Barcode No Date last seen Discount Bill Date Koha item type Suggested By
    Dewey Decimal Classification     IMTN IMTN Rack 19-A 03/18/2025 Raghav Books Private Limited 10046.40 2374 519.5 PRI 33634 03/18/2025 33 02/14/2025 Books Dr. Ajitabh Dash
Designed & Maintained by: LRC IMT Nagpur Contact: lrc@imtnag.ac.in© 2024. All Rights Reserved.